000 00683cab a2200217 4500
001 WB3509-12
008 090401t1999 xxu||||| |||| 00| 0 eng d
035 _a(Sirsi) u91812
041 _aeng
245 _aFor sale: Millennium Dome
260 _c1999
350 _a0
490 _aFinancial Times
_v5 March 1999, 7
490 _aProperty Week
_v64 (9) 5 March 1999, 2(2)
520 _aThe Government have invited more than 1,000 companies worldwide to bid for the Dome. Estate agents estimate a sale price between £50m-£100m.
650 _aMILLENNIUM DOME
650 _aSALE OF PROPERTY
690 _aPROPERTY-COMMERCIAL PROPERTY
942 _n0
948 _c05/03/1999
999 _c58264
_d58264